000 00535nam a22001817a 4500
999 _c258566
_d258565
003 OSt
005 20230613162031.0
008 200618b xxu||||| |||| 00| 0 eng d
010 _a95014613
040 _cDLC
_bDLC
_dDLC
050 _aLB3012.2
_b.F39 1995
100 _aFay, Jim.
245 _aTeaching with love & logic :
_btaking control of the classroom /
_cJim Fay & David Funk.
250 _a1st ed.
260 _aGolden, CO :
_b Love and Logic Press,
_cc1995.
300 _axv, 399 p. :
_bill. ;
_c 24 cm.
942 _2lcc
_cBK